<?xml version="1.0" encoding="UTF-8"?>
<record
    xmlns:xsi="http://www.w3.org/2001/XMLSchema-instance"
    xsi:schemaLocation="http://www.loc.gov/MARC21/slim http://www.loc.gov/standards/marcxml/schema/MARC21slim.xsd"
    xmlns="http://www.loc.gov/MARC21/slim">

  <leader>00752nam a22002297a 4500</leader>
  <controlfield tag="003">DO-SdBNP</controlfield>
  <controlfield tag="005">20240228134240.0</controlfield>
  <controlfield tag="008">201126b 1976 dr a c        00| 0 eng d</controlfield>
  <datafield tag="040" ind1=" " ind2=" ">
    <subfield code="a">DO-SdBNP</subfield>
    <subfield code="b">spa</subfield>
    <subfield code="c">BNPHU</subfield>
  </datafield>
  <datafield tag="082" ind1=" " ind2="4">
    <subfield code="2">22</subfield>
  </datafield>
  <datafield tag="100" ind1="1" ind2=" ">
    <subfield code="a">Concepci&#xF3;n, Mario</subfield>
    <subfield code="9">2178</subfield>
  </datafield>
  <datafield tag="245" ind1="1" ind2="0">
    <subfield code="a">La Concepci&#xF3;n de La Vega o la Pompeya de Am&#xE9;rica / </subfield>
    <subfield code="c">Mario Concepci&#xF3;n ; presentaci&#xF3;n Francisco Torres Petiton.</subfield>
  </datafield>
  <datafield tag="260" ind1=" " ind2=" ">
    <subfield code="a">Santo Domingo : </subfield>
    <subfield code="b">Revista Ahora, </subfield>
    <subfield code="c">1976.</subfield>
  </datafield>
  <datafield tag="300" ind1=" " ind2=" ">
    <subfield code="a">18 p. : </subfield>
    <subfield code="b">il. retrs. ; </subfield>
    <subfield code="c">22 cm. </subfield>
  </datafield>
  <datafield tag="490" ind1="1" ind2=" ">
    <subfield code="a">Vega vieja ; </subfield>
    <subfield code="v">2</subfield>
  </datafield>
  <datafield tag="504" ind1=" " ind2=" ">
    <subfield code="a">Bibliograf&#xED;a : p. 14-18</subfield>
  </datafield>
  <datafield tag="590" ind1=" " ind2=" ">
    <subfield code="a">Inventariado, 2020 /LP
</subfield>
  </datafield>
  <datafield tag="700" ind1="1" ind2=" ">
    <subfield code="a">Torres Petiton, Francisco,</subfield>
    <subfield code="e">present.</subfield>
    <subfield code="9">37859</subfield>
  </datafield>
  <datafield tag="830" ind1=" " ind2="0">
    <subfield code="a">Vega vieja</subfield>
    <subfield code="n">2</subfield>
    <subfield code="9">77430</subfield>
  </datafield>
  <datafield tag="910" ind1=" " ind2=" ">
    <subfield code="a">Lop&#xE9;rez</subfield>
  </datafield>
  <datafield tag="942" ind1=" " ind2=" ">
    <subfield code="2">ddc</subfield>
    <subfield code="c">LBS1</subfield>
  </datafield>
  <datafield tag="952" ind1=" " ind2=" ">
    <subfield code="0">0</subfield>
    <subfield code="1">0</subfield>
    <subfield code="2">ddc</subfield>
    <subfield code="7">1</subfield>
    <subfield code="8">MO</subfield>
    <subfield code="a">BNPHU</subfield>
    <subfield code="b">PD</subfield>
    <subfield code="c">HD</subfield>
    <subfield code="d">2020-11-26</subfield>
    <subfield code="e">Donado / Francisco C&#xE1;ceres</subfield>
    <subfield code="l">0</subfield>
    <subfield code="o">BNPHU PD</subfield>
    <subfield code="p">2021-27337</subfield>
    <subfield code="r">2020-11-26</subfield>
    <subfield code="t">e.2</subfield>
    <subfield code="w">2020-11-26</subfield>
    <subfield code="y">LBS1</subfield>
  </datafield>
  <datafield tag="952" ind1=" " ind2=" ">
    <subfield code="0">0</subfield>
    <subfield code="1">0</subfield>
    <subfield code="2">ddc</subfield>
    <subfield code="7">1</subfield>
    <subfield code="8">MO</subfield>
    <subfield code="a">BNPHU</subfield>
    <subfield code="b">PD</subfield>
    <subfield code="c">HD</subfield>
    <subfield code="d">2020-11-26</subfield>
    <subfield code="e">Donado / Francisco C&#xE1;ceres</subfield>
    <subfield code="l">0</subfield>
    <subfield code="o">BNPHU PD</subfield>
    <subfield code="p">2021-27336</subfield>
    <subfield code="r">2020-11-26</subfield>
    <subfield code="w">2020-11-26</subfield>
    <subfield code="y">LBS1</subfield>
  </datafield>
  <datafield tag="952" ind1=" " ind2=" ">
    <subfield code="0">0</subfield>
    <subfield code="1">0</subfield>
    <subfield code="2">ddc</subfield>
    <subfield code="7">5</subfield>
    <subfield code="8">MO</subfield>
    <subfield code="a">BNPHU</subfield>
    <subfield code="b">DO</subfield>
    <subfield code="c">HD</subfield>
    <subfield code="d">2020-11-26</subfield>
    <subfield code="e">Donado / Francisco C&#xE1;ceres</subfield>
    <subfield code="l">0</subfield>
    <subfield code="o">BNPHU PD</subfield>
    <subfield code="p">2021-27338</subfield>
    <subfield code="r">2020-11-26</subfield>
    <subfield code="t">e .3</subfield>
    <subfield code="w">2020-11-26</subfield>
    <subfield code="y">LBS1</subfield>
  </datafield>
  <datafield tag="999" ind1=" " ind2=" ">
    <subfield code="c">49208</subfield>
    <subfield code="d">49208</subfield>
  </datafield>
</record>
